[Event "Lansing (MOR/3/14)"]
[Site "?"]
[Date "1997.??.??"]
[Round "?"]
[White "Moore, Robert"]
[Black "Turner, A."]
[Result "1-0"]
[WhiteElo "1640"]
[BlackElo "1605"]
[PlyCount "95"]
[EventDate "1997.??.??"]

{3/(14)} 1. e4 c5 2. Nf3 d6 3. d4 cxd4 4. Nxd4 Nf6 5. Nc3 a6 6. Bg5 e6 7. f4
Be7 8. Qf3 Qc7 9. O-O-O b5 10. a3 Bb7 11. Bxf6 Bxf6 12. g4 Nd7 13. Qg3 Rc8 14.
Bxb5 Bxd4 15. Bxd7+ Qxd7 16. Rxd4 Qc7 17. Rhd1 d5 18. exd5 Bxd5 19. Qd3 Bb7 20.
Kb1 O-O 21. h4 e5 22. Rd7 Qb8 23. fxe5 Rce8 24. Qd6 Qxd6 25. exd6 Bc8 26. Re7
Bxg4 27. Rde1 Be6 28. Rxe8 Rxe8 29. Rd1 f6 30. Ne4 Rd8 31. Nc5 Bc4 32. b3 Bb5
33. c4 Bc6 34. Nxa6 Kf7 35. c5 Ke8 36. Re1+ Kf7 37. a4 Kg6 38. Nb4 Be8 39. Nd5
h6 40. Nf4+ Kh7 41. Re7 Bd7 42. h5 Kg8 43. Kb2 Kh7 44. Kc3 Bf5 45. Kd4 Rd7 46.
Rxd7 Bxd7 47. Kd5 Be8 48. Ke6 1-0

[Event "Kalamazoo (MI Am/1/17)"]
[Site "?"]
[Date "1997.??.??"]
[Round "?"]
[White "Moore, Robert"]
[Black "Smalec, Joseph"]
[Result "1-0"]
[WhiteElo "1715"]
[BlackElo "1605"]
[PlyCount "118"]
[EventDate "1997.??.??"]

{1/(17)} 1. e4 c5 2. Nf3 d6 3. d4 cxd4 4. Nxd4 Nf6 5. Nc3 g6 6. Be3 Bg7 7. h3
O-O 8. Qd2 Bd7 9. O-O-O Nc6 10. Kb1 Rc8 11. Bh6 Bxh6 12. Qxh6 Qb6 13. Nb3 Qxf2
14. g4 Nb4 15. Bd3 Be6 16. Rhf1 Qh2 17. Qe3 Bxb3 18. axb3 b6 19. Rd2 Qe5 20.
Qf4 Qa5 21. Bc4 b5 22. e5 dxe5 23. Qxe5 a6 24. Rf4 Nc6 25. Qe2 bxc4 26. Rxc4
Qe5 27. Qxe5 Nxe5 28. Ra4 Rfd8 29. Re2 Nc6 30. Rxa6 Nd5 31. Nxd5 Rxd5 32. Ra4
Rc7 33. c3 e6 34. Rc4 Rd1+ 35. Kc2 Rh1 36. Rd2 Rxh3 37. Rd6 Rh2+ 38. Kc1 Ra7
39. Ra4 Rxa4 40. bxa4 Rh4 41. Rxc6 Rxg4 42. b4 h5 43. a5 h4 44. a6 h3 45. a7
Rg1+ 46. Kb2 Kg7 47. a8=Q h2 48. Rc5 h1=Q 49. Qxh1 Rxh1 50. b5 Rh2+ 51. Kb3 Rh8
52. c4 f5 53. Re5 Kf6 54. Re1 f4 55. c5 Rb8 56. Kc4 f3 57. Rf1 Ke5 58. Rxf3 Ra8
59. Re3+ Kf4 1-0

[Event "Lansing (MOR/7/6)"]
[Site "?"]
[Date "1997.??.??"]
[Round "?"]
[White "Moore, Robert"]
[Black "Ryskamp, John"]
[Result "1-0"]
[WhiteElo "1640"]
[BlackElo "1605"]
[PlyCount "99"]
[EventDate "1997.??.??"]

{7/(6)} 1. e4 e6 2. d4 d5 3. e5 c5 4. c3 Nc6 5. Nf3 Bd7 6. Be3 cxd4 7. cxd4 f6
8. Be2 fxe5 9. Nxe5 Nxe5 10. dxe5 Qc7 11. Bd4 Ne7 12. Nc3 Nf5 13. Rc1 Nxd4 14.
Qxd4 Bc5 15. Nb5 Qa5+ 16. Qd2 Bxf2+ 17. Kd1 Qxd2+ 18. Kxd2 O-O 19. Nd6 b6 20.
Rc7 Be8 21. Bg4 Bd4 22. Bxe6+ Kh8 23. Bxd5 Rd8 24. Re1 Bxb2 25. Kc2 Ba3 26.
Nxe8 Rfxe8 27. Bf7 Bd6 28. Bxe8 Bxc7 29. Bf7 Rf8 30. e6 Bd8 31. e7 Bxe7 32.
Rxe7 a5 33. Re8 Rxe8 34. Bxe8 Kg8 35. Kc3 Kf8 36. Ba4 Ke7 37. Kd4 Kd6 38. g4 g5
39. h3 h6 40. Bb5 Ke6 41. a4 Kd6 42. Kc4 Ke5 43. Bc6 Kf4 44. Kb5 Kg3 45. Kxb6
Kxh3 46. Bd7 Kh4 47. Kxa5 h5 48. gxh5 Kxh5 49. Kb5 g4 50. Bxg4+ 1-0

[Event "Lansing (MOR/1b/9)"]
[Site "?"]
[Date "1997.??.??"]
[Round "?"]
[White "Moore, Robert"]
[Black "Paul, Dennis"]
[Result "1-0"]
[WhiteElo "1640"]
[BlackElo "1605"]
[PlyCount "73"]
[EventDate "1997.??.??"]

1. e4 d6 2. d4 g6 3. Nf3 Bg7 4. Nc3 c6 5. Bc4 b5 6. Bb3 Nd7 7. O-O c5 8. dxc5
Nxc5 9. Nxb5 Nxb3 10. axb3 a6 11. Re1 Bb7 12. Nc3 Qc7 13. Qd3 e6 14. Bf4 Be5
15. Nxe5 dxe5 16. Be3 Rd8 17. Qc4 Qxc4 18. bxc4 Nf6 19. Bc5 Rc8 20. Bd6 Rxc4
21. Bxe5 Ke7 22. Rad1 Nxe4 23. Bxh8 Nxc3 24. Bxc3 Rg4 25. g3 Rc4 26. Rd2 f6 27.
Red1 Bd5 28. Rd4 Rc8 29. Bb4+ Kd7 30. c4 Rb8 31. cxd5 e5 32. Rc4 a5 33. Ba3 Rb7
34. Rdc1 h5 35. Rc6 f5 36. Rxg6 h4 37. Rg7+ 1-0

[Event "Kalamazoo (MI Am/5/6)"]
[Site "?"]
[Date "1997.??.??"]
[Round "?"]
[White "Moore, Robert"]
[Black "Neely, Richard"]
[Result "1-0"]
[WhiteElo "1715"]
[BlackElo "1605"]
[PlyCount "43"]
[EventDate "1997.??.??"]

{5/(6)} 1. e4 d6 2. d4 Nf6 3. Nc3 g6 4. Bc4 Bg7 5. Nf3 Bg4 6. h3 Bxf3 7. Qxf3
Nc6 8. Be3 O-O 9. O-O-O a6 10. e5 Nd7 11. e6 fxe6 12. Bxe6+ Kh8 13. Qe2 Rf6 14.
d5 Nce5 15. f4 Qf8 16. fxe5 Nxe5 17. Ne4 Rxe6 18. dxe6 Qf5 19. Ng5 Qf6 20. Rhf1
Nf3 21. c3 Qe5 22. Nf7+ 1-0

[Event "Lansing (MOR/5/3)"]
[Site "?"]
[Date "1997.??.??"]
[Round "?"]
[White "Moore, Robert"]
[Black "Kreger, David"]
[Result "0-1"]
[WhiteElo "1640"]
[BlackElo "1695"]
[PlyCount "68"]
[EventDate "1997.??.??"]

{5/(3)} 1. e4 e6 2. d4 d5 3. e5 c5 4. c3 Nc6 5. Nf3 Bd7 6. Be2 Qb6 7. O-O Nh6
8. Na3 cxd4 9. cxd4 Nf5 10. Nc2 Rc8 11. b3 Nb4 12. Nxb4 Bxb4 13. Bb2 Bb5 14.
Bxb5+ Qxb5 15. Rc1 O-O 16. Ne1 b6 17. Qd3 Qxd3 18. Nxd3 Bd2 19. Rxc8 Rxc8 20.
Rd1 Rc2 21. Kf1 h5 22. Rb1 Kh7 23. a3 a5 24. g3 f6 25. exf6 gxf6 26. b4 a4 27.
Nf4 Bxf4 28. gxf4 b5 29. Kg2 Ne3+ 30. Kg3 Nc4 31. Bc1 Rc3+ 32. Kh4 Kg6 33. Ra1
Rf3 34. Ra2 Nd6 0-1

[Event "Michigan Senior"]
[Site "Ann Arbor, MI"]
[Date "1997.??.??"]
[Round "3.7"]
[White "Moore, Robert"]
[Black "Griffin, John"]
[Result "0-1"]
[WhiteElo "1715"]
[BlackElo "1605"]
[PlyCount "140"]
[EventDate "1997.??.??"]

{3/(7)} 1. e4 c5 2. Nf3 Nc6 3. d4 cxd4 4. Nxd4 Nf6 5. Nc3 e5 6. Ndb5 d6 7. Nd5
Nxd5 8. exd5 Nb8 9. c3 a6 10. Na3 Be7 11. Be3 O-O 12. Bd3 f5 13. Nc4 Nd7 14.
Qb3 b5 15. Na3 f4 16. Bd2 Nc5 17. Qc2 Nxd3+ 18. Qxd3 Bf5 19. Qe2 Bg6 20. Rc1
Qe8 21. Nc2 Bh5 22. f3 Bf7 23. Qe4 a5 24. O-O Qd7 25. Be1 Qb7 26. Rd1 Rfc8 27.
Bf2 Rc4 28. Qd3 Bg6 29. Qe2 Bxc2 30. Qxc2 Rac8 31. Qf5 Bf8 32. Qe6+ Qf7 33.
Qxf7+ Kxf7 34. Bb6 Ra8 35. Rd3 Be7 36. b3 Rcc8 37. Rc1 Ra6 38. Bf2 Ke8 39. Rd2
Kd7 40. Rdc2 b4 41. cxb4 Rxc2 42. Rxc2 axb4 43. Be1 Ra5 44. Bxb4 Rxd5 45. a4
Bd8 46. Kf1 Bb6 47. Ke2 Rd4 48. Bc3 Rd5 49. b4 Be3 50. a5 Rb5 51. Kd3 Rb8 52.
Be1 d5 53. Bd2 Bxd2 54. Rxd2 Rxb4 55. Kc3 Rb5 56. Ra2 Kc7 57. a6 Kb8 58. a7+
Ka8 59. Ra6 e4 60. fxe4 dxe4 61. Ra1 g5 62. Ra2 e3 63. Kd3 Rb7 64. Ra5 Rd7+ 65.
Ke2 Rd2+ 66. Kf1 g4 67. h3 f3 68. gxf3 gxf3 69. Ra1 Rh2 70. Kg1 Rxh3 0-1

[Event "Kalamazoo (MI Am/3/2)"]
[Site "?"]
[Date "1997.??.??"]
[Round "?"]
[White "Moore, Robert"]
[Black "Evans Sr., Thomas"]
[Result "1-0"]
[WhiteElo "1715"]
[BlackElo "1970"]
[PlyCount "120"]
[EventDate "1997.??.??"]

{3/(2)} 1. e4 b6 2. d4 Bb7 3. Nc3 e6 4. Nf3 Bb4 5. Bd3 Nf6 6. Bg5 h6 7. Bxf6
Qxf6 8. a3 Bxc3+ 9. bxc3 O-O 10. O-O d6 11. Qe2 e5 12. d5 Bc8 13. Kh1 Bg4 14.
Qe3 Bxf3 15. Qxf3 Qxf3 16. gxf3 Nd7 17. Rg1 Nc5 18. Rg4 Nxd3 19. cxd3 f5 20.
Rg2 fxe4 21. fxe4 Rf3 22. Rd1 Raf8 23. Rd2 Rc8 24. Rg3 Rf7 25. Kg2 c6 26. c4
cxd5 27. exd5 Rc5 28. Rg6 Rd7 29. Kf3 b5 30. Rc2 Rf7+ 31. Ke3 Rf6 32. Rxf6 gxf6
33. Ke4 Kf7 34. f4 Rc8 35. fxe5 dxe5 36. c5 a5 37. c6 Ke7 38. Rc5 b4 39. Rxa5
bxa3 40. Rxa3 Kd6 41. Ra7 f5+ 42. Kxf5 Kxd5 43. c7 Kd4 44. Ke6 Kxd3 45. Kxe5
Kc4 46. Kd6 Rg8 47. Ra4+ Kb5 48. Rh4 Kb6 49. Rxh6 Kb7 50. h4 Rg2 51. Rh7 Rb2
52. Ke5 Kc8 53. h5 Re2+ 54. Kf5 Rf2+ 55. Kg5 Rg2+ 56. Kh6 Rd2 57. Rg7 Rd5 58.
Kg6 Rd6+ 59. Kh7 Kb7 60. h6 Re6 1-0

[Event "Michigan Senior"]
[Site "Ann Arbor, MI"]
[Date "1997.??.??"]
[Round "1.10"]
[White "Moore, Robert"]
[Black "Crysler, Jerry"]
[Result "1-0"]
[WhiteElo "1715"]
[BlackElo "1605"]
[PlyCount "25"]
[EventDate "1997.??.??"]

{1/(10)} 1. e4 c5 2. Nf3 d6 3. d4 cxd4 4. Nxd4 Nf6 5. Nc3 a6 6. Bg5 Nbd7 7. f4
e5 8. Nf5 exf4 9. Nxd6+ Bxd6 10. Qxd6 Qb6 11. Qxb6 Nxb6 12. O-O-O Ng4 13. Rd8#
1-0

[Event "Lansing (MOR/7/40)"]
[Site "?"]
[Date "1997.??.??"]
[Round "?"]
[White "Moore, A."]
[Black "Crist, Kevin"]
[Result "1-0"]
[WhiteElo "1605"]
[BlackElo "1605"]
[PlyCount "55"]
[EventDate "1997.??.??"]

{7/(40)} 1. e4 e5 2. Nf3 d6 3. Be2 Be7 4. Nc3 Be6 5. d4 Nd7 6. O-O Ngf6 7. Ng5
O-O 8. d5 Nc5 9. dxe6 Nxe6 10. Nxe6 fxe6 11. Be3 d5 12. exd5 exd5 13. Bg5 d4
14. Bc4+ Kh8 15. Ne2 Ne4 16. Bc1 Bg5 17. f3 Nd6 18. Bd3 Nf5 19. Bxf5 Rxf5 20.
Qd3 g6 21. Qe4 c6 22. Ng3 Rf7 23. Qxe5+ Bf6 24. Qe6 Qe7 25. Qc4 Re8 26. Bd2 Qd6
27. Qxf7 Re7 28. Qf8# 1-0

[Event "Lansing (MOR/5/42)"]
[Site "?"]
[Date "1997.??.??"]
[Round "?"]
[White "Moore, A."]
[Black "Briggs, S."]
[Result "1-0"]
[WhiteElo "1605"]
[BlackElo "1605"]
[PlyCount "57"]
[EventDate "1997.??.??"]

{5/(42)} 1. e4 c5 2. Nf3 Nc6 3. c3 Nf6 4. Bd3 d6 5. h3 g6 6. Bc2 Bg7 7. O-O O-O
8. d3 b6 9. Nbd2 Bb7 10. Re1 e6 11. Nf1 Ne7 12. Ng3 d5 13. e5 Nd7 14. d4 f6 15.
Qe2 fxe5 16. dxe5 Nf5 17. Nxf5 gxf5 18. Bf4 c4 19. Rad1 Nc5 20. b3 b5 21. Rd4
Qc7 22. Ng5 Rfe8 23. Qh5 h6 24. Nxe6 Nxe6 25. Qxf5 Bxe5 26. Bxe5 Nxd4 27. cxd4
Qf7 28. Qg4+ Kf8 29. Bd6+ 1-0

[Event "Tecumseh (RVO/1/3)"]
[Site "?"]
[Date "1997.??.??"]
[Round "?"]
[White "Moody, David"]
[Black "Wood, C."]
[Result "1-0"]
[WhiteElo "2020"]
[BlackElo "1605"]
[PlyCount "39"]
[EventDate "1997.??.??"]

{1/(3)} 1. e4 c5 2. d4 cxd4 3. c3 dxc3 4. Nxc3 Nc6 5. Nf3 e6 6. Bc4 Be7 7. O-O
Nf6 8. Qe2 d5 9. Rd1 d4 10. e5 Nd7 11. Nxd4 Ncxe5 12. Bxe6 O-O 13. Bf5 Re8 14.
Nf3 Bf6 15. Nxe5 Bxe5 16. Qd3 Qh4 17. g3 Qe7 18. Bxh7+ Kf8 19. Nd5 Qd8 20. Qa3+
1-0

[Event "Tecumseh (RVO/3/3)"]
[Site "?"]
[Date "1997.??.??"]
[Round "?"]
[White "Moody, David"]
[Black "McGrath, Michael"]
[Result "1-0"]
[WhiteElo "2020"]
[BlackElo "1700"]
[PlyCount "49"]
[EventDate "1997.??.??"]

{3/(3)} 1. e4 d5 2. Nc3 dxe4 3. Nxe4 Bf5 4. Ng3 Bg6 5. Nf3 e6 6. h4 h6 7. Ne5
Qf6 8. d4 Bd6 9. Bg5 hxg5 10. hxg5 Qxg5 11. Rxh8 Kf8 12. Nxg6+ Qxg6 13. Bd3 f5
14. Qf3 Nc6 15. c3 Re8 16. O-O-O Ke7 17. Nxf5+ exf5 18. Re1+ Kd8 19. Rxe8+ Qxe8
20. Bc4 Nce7 21. Qxb7 Bf4+ 22. Kc2 Qa4+ 23. Bb3 Qe8 24. Qa8+ Kd7 25. Be6+ 1-0

[Event "Tecumseh (RVO/5/5)"]
[Site "?"]
[Date "1997.??.??"]
[Round "?"]
[White "Moody, David"]
[Black "Gentry, Loyd"]
[Result "1-0"]
[WhiteElo "2020"]
[BlackElo "1685"]
[PlyCount "59"]
[EventDate "1997.??.??"]

{5/(5)} 1. e4 c5 2. d4 cxd4 3. c3 dxc3 4. Nxc3 e6 5. Nf3 a6 6. Bc4 Nc6 7. O-O
Bb4 8. Bg5 Nge7 9. Nd4 Qc7 10. Rc1 O-O 11. a3 Bc5 12. Nxc6 dxc6 13. b4 Bd6 14.
f4 Ng6 15. e5 Be7 16. Bxe7 Nxe7 17. Ne4 Nf5 18. Qh5 a5 19. g4 Ne3 20. Nf6+ gxf6
21. exf6 Kh8 22. Bd3 Nf5 23. Rf3 Qb6+ 24. Kh1 Qd4 25. gxf5 exf5 26. Rg1 Qd5 27.
Rg7 Qxf3+ 28. Qxf3 Rg8 29. Rxh7+ Kxh7 30. Qh5# 1-0

[Event "Lansing (MI Op/3/4)"]
[Site "?"]
[Date "1997.??.??"]
[Round "?"]
[White "Moody, David"]
[Black "Calton, Bill"]
[Result "0-1"]
[WhiteElo "1990"]
[BlackElo "2210"]
[PlyCount "28"]
[EventDate "1997.??.??"]

{3/(4)} 1. e4 Nf6 2. Nc3 d5 3. e5 Ne4 4. Nce2 d4 5. d3 Nc5 6. Nf3 Nc6 7. c3 Bg4
8. cxd4 Nb4 9. Neg1 Bxf3 10. Nxf3 Ne6 11. Qa4+ Nc6 12. Qb5 a6 13. Qxb7 Nexd4
14. Bd2 Ra7 0-1

[Event "Lansing (MI Op/1a/13)"]
[Site "?"]
[Date "1997.??.??"]
[Round "?"]
[White "Moody, David"]
[Black "Brumley, Ron"]
[Result "1-0"]
[WhiteElo "1990"]
[BlackElo "1605"]
[PlyCount "35"]
[EventDate "1997.??.??"]

1. e4 c5 2. d4 cxd4 3. c3 dxc3 4. Nxc3 Nc6 5. Nf3 d6 6. Bc4 Nf6 7. e5 dxe5 8.
Qxd8+ Nxd8 9. Nb5 Be6 10. Nc7+ Kd7 11. Nxa8 Bxc4 12. Nxe5+ Kc8 13. Nxc4 b5 14.
Na5 Kb8 15. Bf4+ Kxa8 16. Rc1 a6 17. Rc8+ Ka7 18. Be3# 1-0

[Event "Lansing (MOR/4/30)"]
[Site "?"]
[Date "1997.??.??"]
[Round "?"]
[White "Mitchell, Dave"]
[Black "Turkalo, A."]
[Result "0-1"]
[WhiteElo "1605"]
[BlackElo "1740"]
[PlyCount "56"]
[EventDate "1997.??.??"]

{4/(30)} 1. e4 c5 2. Nc3 d6 3. g3 g6 4. Bg2 Bg7 5. d3 Nc6 6. Be3 Rb8 7. Rb1 b5
8. a3 e6 9. Qd2 Nd4 10. Nce2 Ne7 11. c3 Nb3 12. Qc2 Na5 13. Nf3 O-O 14. O-O f5
15. Rfd1 e5 16. b4 fxe4 17. dxe4 Nc4 18. Bxc5 Qc7 19. Bxd6 Nxd6 20. Nc1 Bg4 21.
Nd3 Bxf3 22. Bxf3 Rxf3 23. Nc5 Rc8 24. Qb3+ Kh8 25. Kg2 Rf6 26. Rd3 Re8 27. Ne6
Qc6 28. Rxd6 Qxd6 0-1

[Event "Lansing (MOR/2/51)"]
[Site "?"]
[Date "1997.??.??"]
[Round "?"]
[White "Mitchell, Dave"]
[Black "Tong, David"]
[Result "1/2-1/2"]
[WhiteElo "1605"]
[BlackElo "1605"]
[PlyCount "115"]
[EventDate "1997.??.??"]

{2/(51)} 1. e4 c5 2. Nc3 e5 3. Bc4 Nc6 4. d3 Nd4 5. Nce2 g6 6. c3 Nxe2 7. Nxe2
Bg7 8. Be3 Qb6 9. b4 d6 10. O-O f5 11. Qb3 f4 12. Bf7+ Kd8 13. Bd2 Bg4 14. Rfe1
Ne7 15. Rab1 a6 16. Be6 h5 17. h3 Bxe2 18. Rxe2 Rf8 19. Bc1 Rf6 20. Ba3 Bh6 21.
Reb2 cxb4 22. Qc4 Qc6 23. Bxb4 Qxc4 24. Bxc4 b5 25. Ba5+ Ke8 26. Bd5 Nxd5 27.
exd5 h4 28. c4 f3 29. cxb5 axb5 30. Rxb5 Rc8 31. Rb8 Rxb8 32. Rxb8+ Ke7 33. a4
Rf7 34. Bb4 Bf8 35. a5 Kf6 36. a6 Rc7 37. Rxf8+ Ke7 38. Rxf3 Ra7 39. Re3 Kd7
40. Re4 g5 41. Rg4 Rxa6 42. Rxg5 Rb6 43. Rg7+ Ke8 44. Ba5 Rb5 45. Ra7 Rxd5 46.
Ra8+ Kf7 47. Bd8 Rxd3 48. Bxh4 Rd1+ 49. Kh2 d5 50. Ra6 d4 51. Bf6 e4 52. Bxd4
Rxd4 53. Kg3 Rd2 54. Ra4 Re2 55. h4 Kg6 56. Kg4 Rxf2 57. h5+ Kh6 58. Ra6+
1/2-1/2

[Event "Lansing (MOR/6/33)"]
[Site "?"]
[Date "1997.??.??"]
[Round "?"]
[White "Mitchell, Dave"]
[Black "Griffin, John"]
[Result "1-0"]
[WhiteElo "1605"]
[BlackElo "1605"]
[PlyCount "73"]
[EventDate "1997.??.??"]

{6/(33)} 1. e4 c5 2. Nc3 Nc6 3. g3 g6 4. Bg2 Bg7 5. d3 e6 6. Be3 d6 7. f4 Nge7
8. Nf3 Nd4 9. O-O Rb8 10. Ne2 Nxe2+ 11. Qxe2 Bxb2 12. Rab1 Bg7 13. Qd2 f5 14.
exf5 exf5 15. Rb3 O-O 16. Rfb1 b6 17. d4 Bb7 18. dxc5 dxc5 19. Rd3 Qe8 20. Rd1
Be4 21. Rd7 Nd5 22. Rxd5 Bc3 23. Qxc3 Bxd5 24. Rxd5 Qb5 25. Qb3 Qxb3 26. axb3
a5 27. Ne5 Rbc8 28. Nc4 Rce8 29. Kf2 Rb8 30. Rd6 b5 31. Nxa5 c4 32. bxc4 bxc4
33. Bd5+ Kg7 34. Rd7+ Kh6 35. Bd4 Rfe8 36. Bg7+ Kh5 37. Bf3# 1-0

[Event "Kalamazoo (MI Am/5/22)"]
[Site "?"]
[Date "1997.??.??"]
[Round "?"]
[White "Miller, Doug"]
[Black "Munger, Larry"]
[Result "1-0"]
[WhiteElo "1605"]
[BlackElo "1680"]
[PlyCount "95"]
[EventDate "1997.??.??"]

{5/(22)} 1. e4 d6 2. Nf3 Nf6 3. Nc3 g6 4. Bc4 Bg7 5. O-O O-O 6. d4 Nxe4 7.
Bxf7+ Rxf7 8. Nxe4 Bg4 9. Neg5 Rf6 10. Nxh7 Rxf3 11. gxf3 Bh3 12. Ng5 Bxf1 13.
Qxf1 Qd7 14. Qd3 Qf5 15. Qb3+ d5 16. Qxb7 Nd7 17. Qxa8+ Nf8 18. c3 Bh6 19. h4
Bxg5 20. Bxg5 Qxf3 21. Be3 Qg4+ 22. Kf1 Qf3 23. Re1 e6 24. Qd8 Qh3+ 25. Ke2 Qf5
26. Kd2 c6 27. Qg5 Nh7 28. Qxf5 gxf5 29. Bg5 Kf7 30. a4 Nf8 31. h5 Nh7 32. f4
Nf8 33. b4 a6 34. Kd3 Nd7 35. h6 Nf8 36. c4 Nh7 37. cxd5 cxd5 38. Rc1 Nxg5 39.
fxg5 Kg6 40. Rc6 f4 41. Rxe6+ Kxg5 42. h7 f3 43. Ke3 f2 44. Kxf2 a5 45. h8=Q
axb4 46. Kf3 b3 47. Qf6+ Kh5 48. Re5# 1-0

[Event "Kalamazoo (MI Am/3/31)"]
[Site "?"]
[Date "1997.??.??"]
[Round "?"]
[White "Miller, Doug"]
[Black "Kotman, Matthew"]
[Result "1-0"]
[WhiteElo "1605"]
[BlackElo "1605"]
[PlyCount "75"]
[EventDate "1997.??.??"]

{3/(31)} 1. e4 e6 2. d4 d5 3. e5 c5 4. c3 Nc6 5. Nf3 Qb6 6. Be2 Nge7 7. Na3 a6
8. Rb1 Nf5 9. Nc2 cxd4 10. cxd4 Qa5+ 11. Bd2 Qxa2 12. O-O Qb3 13. Bc3 Qb6 14.
Qd2 Qc7 15. Ra1 b5 16. b4 Be7 17. Rfb1 O-O 18. Na3 Qb7 19. Ra2 f6 20. Rba1 Nxe5
21. dxe5 Bd7 22. Nc2 Ra7 23. exf6 Bxf6 24. Bxf6 Rxf6 25. Ne5 Bc8 26. Nd3 d4 27.
Bf3 Qf7 28. Qf4 Ne7 29. Qb8 Rxf3 30. gxf3 Rb7 31. Qg3 Nf5 32. Qg4 Nh6 33. Qf4
Qg6+ 34. Kh1 Qxd3 35. Nxd4 Qc4 36. Rxa6 Re7 37. Rc6 Qxb4 38. Rxc8+ 1-0

[Event "Kalamazoo (MI Am/1/6)"]
[Site "?"]
[Date "1997.??.??"]
[Round "?"]
[White "Miller, Doug"]
[Black "Beckwith, Stan"]
[Result "1/2-1/2"]
[WhiteElo "1605"]
[BlackElo "1905"]
[PlyCount "95"]
[EventDate "1997.??.??"]

{1/(6)} 1. e4 c5 2. Nf3 d6 3. Bc4 e6 4. O-O Nc6 5. c3 Nf6 6. d3 Be7 7. Re1 O-O
8. a3 a6 9. b4 b6 10. Nbd2 Qc7 11. Ba2 Bb7 12. Bb2 Rad8 13. Qc2 d5 14. e5 Ne8
15. d4 g6 16. Nf1 f5 17. Bc1 Rc8 18. Bh6 Ng7 19. Qd2 Nd8 20. Rac1 Nf7 21. Bf4
Qd7 22. Ng3 cxb4 23. cxb4 Qa4 24. Qb2 Qb5 25. Rxc8 Rxc8 26. Rc1 a5 27. Rxc8+
Bxc8 28. Qc3 Bd7 29. bxa5 bxa5 30. Bd2 a4 31. Nf1 g5 32. h3 f4 33. Bc1 Nf5 34.
Qb2 Kg7 35. Bb1 Qxb2 36. Bxb2 Bb5 37. Bc2 h5 38. N1d2 Nd8 39. Nb1 g4 40. Nc3
Ba6 41. Bxf5 exf5 42. Nxd5 Nc6 43. Nxe7 Nxe7 44. Ng5 Bc4 45. h4 Ng6 46. g3 f3
47. Kh2 Kg8 48. Kg1 1/2-1/2

[Event "Michigan Senior"]
[Site "Ann Arbor, MI"]
[Date "1997.??.??"]
[Round "4.6"]
[White "Meza, L."]
[Black "Carr, Jay"]
[Result "1/2-1/2"]
[WhiteElo "1775"]
[BlackElo "1700"]
[PlyCount "122"]
[EventDate "1997.??.??"]

{4/(6)} 1. e4 c5 2. Nf3 Nf6 3. Nc3 d5 4. Bb5+ Bd7 5. exd5 Bxb5 6. Nxb5 Nxd5 7.
Qe2 Nc6 8. O-O e6 9. d4 a6 10. Na3 Nxd4 11. Nxd4 cxd4 12. Qe5 Qf6 13. Nc4 Qxe5
14. Nxe5 Nb4 15. Bd2 Rc8 16. c3 dxc3 17. bxc3 Nc6 18. Nc4 b5 19. Nb6 Rb8 20.
Be3 Bd6 21. Rfd1 Ke7 22. c4 Rhd8 23. cxb5 axb5 24. Rdc1 Ne5 25. Rab1 b4 26. f4
Nd7 27. Nc4 Nf6 28. Nxd6 Kxd6 29. Bc5+ Kd7 30. Bxb4 Nd5 31. Ba5 Rxb1 32. Rxb1
Ra8 33. Rb5 Nxf4 34. a3 Nd5 35. Bb4 Nxb4 36. axb4 Ra1+ 37. Kf2 Rc1 38. Ke3 Kc7
39. h4 f6 40. g3 Rc3+ 41. Kf2 Rc6 42. Ke3 Rb6 43. Rc5+ Kd6 44. Rc4 e5 45. Ke4
Rc6 46. Kd3 Rxc4 47. Kxc4 h5 48. Kb5 Kc7 49. Kc4 Kb6 50. b5 f5 51. Kb4 f4 52.
gxf4 exf4 53. Kc4 f3 54. Kd3 Kxb5 55. Ke3 f2 56. Kxf2 Kc5 57. Kf3 Kd5 58. Kf4
Ke6 59. Kg5 Kf7 60. Kxh5 Kg8 61. Kg6 Kh8 1/2-1/2

[Event "Lansing (MOR/6/25)"]
[Site "?"]
[Date "1997.??.??"]
[Round "?"]
[White "Meyer, A."]
[Black "Smeckert, Dennis"]
[Result "0-1"]
[WhiteElo "1605"]
[BlackElo "1605"]
[PlyCount "38"]
[EventDate "1997.??.??"]

{6/(25)} 1. f4 d5 2. Nf3 Nf6 3. e3 Bf5 4. Bb5+ c6 5. Be2 Nbd7 6. Nc3 e6 7. O-O
h6 8. b3 Bd6 9. Bb2 g5 10. g3 gxf4 11. exf4 Qb6+ 12. Kh1 Bh3 13. Na4 Qc7 14.
Bxf6 Nxf6 15. Rg1 b5 16. Nb2 Ng4 17. Qe1 Qb6 18. Nd4 Qxd4 19. Bxg4 Bxg4 0-1

[Event "Lansing (MOR/3/16)"]
[Site "?"]
[Date "1997.??.??"]
[Round "?"]
[White "Meyer, A."]
[Black "Serwatowski, Felix"]
[Result "1-0"]
[WhiteElo "1605"]
[BlackElo "1605"]
[PlyCount "51"]
[EventDate "1997.??.??"]

{3/(16)} 1. f4 d5 2. Nf3 Nf6 3. e3 e6 4. b3 Be7 5. Bb2 Nc6 6. Bb5 Bd7 7. O-O a6
8. Bxc6 Bxc6 9. Nc3 O-O 10. Qe1 Bc5 11. Kh1 b5 12. Qg3 Bd6 13. Ne2 g6 14. Qh3
Kg7 15. Ned4 Bd7 16. Qh4 Be7 17. g4 Rh8 18. g5 e5 19. Nxe5 Nh5 20. Ndc6 Qe8 21.
Nxd7+ Kg8 22. Nxe7+ Qxe7 23. Nf6+ Nxf6 24. Bxf6 Qf8 25. Bxh8 Kxh8 26. Qh6 1-0

[Event "Lansing (MOR/5/18)"]
[Site "?"]
[Date "1997.??.??"]
[Round "?"]
[White "Meyer, A."]
[Black "King, Billy"]
[Result "0-1"]
[WhiteElo "1605"]
[BlackElo "1605"]
[PlyCount "100"]
[EventDate "1997.??.??"]

{5/(18)} 1. f4 d5 2. Nf3 c5 3. e3 Nf6 4. b3 e6 5. Bb2 Be7 6. Bb5+ Bd7 7. Bxd7+
Nbxd7 8. O-O O-O 9. Nc3 a6 10. Qe1 Qc7 11. Nd1 b5 12. Nf2 c4 13. Bd4 Bc5 14.
Qb1 Bxd4 15. Nxd4 e5 16. fxe5 Nxe5 17. Qd1 Nc6 18. Nxc6 Qxc6 19. Qf3 Ne4 20.
Nxe4 dxe4 21. Qd1 Rad8 22. c3 Rd6 23. Qc2 Rfd8 24. Rf2 f5 25. Rd1 Qd7 26. g3 g5
27. Rg2 Kh8 28. Kh1 Rd3 29. bxc4 bxc4 30. Re2 f4 31. exf4 gxf4 32. gxf4 Qg4 33.
Rg2 Qf3 34. Kg1 Qxf4 35. Rf1 Qe5 36. Qd1 e3 37. Qf3 Qe7 38. Re2 Rxd2 39. Rxe3
Qg7+ 40. Qg3 Qxg3+ 41. Rxg3 Rxa2 42. Rg4 Rg8 43. Rxg8+ Kxg8 44. Rf2 Rxf2 45.
Kxf2 a5 46. Ke2 Kf7 47. Kd2 Ke6 48. Kc2 Kd5 49. Kb2 Ke4 50. Ka3 Kd3 0-1

[Event "Lansing (MOR/1b/15)"]
[Site "?"]
[Date "1997.??.??"]
[Round "?"]
[White "Meyer, A."]
[Black "Carpenter, T."]
[Result "1-0"]
[WhiteElo "1605"]
[BlackElo "1605"]
[PlyCount "67"]
[EventDate "1997.??.??"]

1. f4 e6 2. Nf3 Nf6 3. e3 Bc5 4. b3 d5 5. Bb2 Nc6 6. Bb5 O-O 7. Ne5 Bd7 8. O-O
a6 9. Bxc6 bxc6 10. Nxd7 Qxd7 11. Bxf6 gxf6 12. Qg4+ Kh8 13. Qh4 Be7 14. Rf3
Rg8 15. Nc3 f5 16. Qf2 Bf6 17. d4 c5 18. Ne2 cxd4 19. exd4 Qb5 20. Kh1 Qb4 21.
Rd1 Qa3 22. Nc1 Qb2 23. c3 Qb1 24. Qe2 Qe4 25. Qd2 Bh4 26. Rdf1 Rab8 27. Nd3
Rb5 28. Re3 Qxg2+ 29. Qxg2 Rxg2 30. Kxg2 c6 31. Rh3 Be7 32. Ne5 f6 33. Nxc6 Ba3
34. Re1 1-0

[Event "Lansing (MOR/1b/14)"]
[Site "?"]
[Date "1997.??.??"]
[Round "?"]
[White "Menczer, David"]
[Black "Smith, Robert"]
[Result "1-0"]
[WhiteElo "1605"]
[BlackElo "1605"]
[PlyCount "54"]
[EventDate "1997.??.??"]

1. e4 c5 2. d4 cxd4 3. c3 dxc3 4. Nxc3 Nc6 5. Nf3 d6 6. Bb5 Bd7 7. O-O Nf6 8.
Bg5 e6 9. Re1 Be7 10. Bf4 e5 11. Bg5 a6 12. Bc4 b5 13. Bb3 Bg4 14. h3 Bh5 15.
Nd5 O-O 16. a3 Bxf3 17. Qxf3 Nd4 18. Qg3 Nxb3 19. Bh6 Ne8 20. Nxe7+ Qxe7 21.
Bg5 Qe6 22. Rad1 Nd4 23. Rc1 Rc8 24. Rxc8 Qxc8 25. Be7 Qc2 26. Bxf8 Kxf8 27.
Qe3 Qxb2 1-0

[Event "Lansing (MOR/2/24)"]
[Site "?"]
[Date "1997.??.??"]
[Round "?"]
[White "Menczer, David"]
[Black "Meyer, A."]
[Result "1/2-1/2"]
[WhiteElo "1605"]
[BlackElo "1605"]
[PlyCount "61"]
[EventDate "1997.??.??"]

{2/(24)} 1. e4 d5 2. exd5 Qxd5 3. Nc3 Qa5 4. Nf3 Bg4 5. Be2 Nf6 6. d3 e5 7. O-O
Nbd7 8. Ng5 Bxe2 9. Qxe2 Bd6 10. Nge4 O-O 11. a3 Nxe4 12. Nxe4 Qd5 13. b4 Rfe8
14. Qg4 Qe6 15. Qxe6 Rxe6 16. Bb2 h6 17. Rfe1 f5 18. Ng3 g6 19. c4 c5 20. Bc3
Rae8 21. Nf1 Nf6 22. f3 Kf7 23. Nd2 Nh5 24. g3 Nf6 25. Kg2 b6 26. b5 Bc7 27.
Nb3 Rd8 28. Rad1 g5 29. h3 Rde8 30. Nd2 Rd8 31. Nb3 1/2-1/2